00376nam a2200145Ia 4500008004100000020001500041041001200056082001100068100001600079245006200095260003100157300000800188650001500196700001900211221030s9999 xx 000 0 und d a8178298634 aEnglish a105.23 aE. A. Morse 0aCases in Entrepreneurshipcby E. A. Morse, R. K. Mitchell bSage Pub.aNew Delhic2009 a425 aCase Study aR. K. Mitchell